Hospodářský a politický význam zámořských území Evropské unie
Geopolitický rozmer Európskej únie z pohľadu jej zámorského rozmeru. Oblasti EÚ so zvláštnym statusom. Pridružené zámorské krajiny a územia. Oblasti pod správou členov Európskej únie, ktoré nepatria do EÚ. Oblasti, ktoré patria do EÚ, ale sú mimo colnej oblasti EÚ. Námorné trasy a Exkluzívna ekonomi...
Salvato in:
| Autore principale: | |
|---|---|
| Natura: | Capitolo di libro |
| Lingua: | ceco |
| Soggetti: | |
| Tags: |
Nessun Tag, puoi essere il primo ad aggiungerne!!
|
MARC
| LEADER | 00000naa$a2200000$$$4500 | ||
|---|---|---|---|
| 001 | 0111557 | ||
| 005 | 20220714120633.1 | ||
| 041 | 0 | |a cze | |
| 044 | |a CZ | ||
| 245 | 1 | 0 | |a Hospodářský a politický význam zámořských území Evropské unie |c Štěpán Strnad |
| 520 | |a Geopolitický rozmer Európskej únie z pohľadu jej zámorského rozmeru. Oblasti EÚ so zvláštnym statusom. Pridružené zámorské krajiny a územia. Oblasti pod správou členov Európskej únie, ktoré nepatria do EÚ. Oblasti, ktoré patria do EÚ, ale sú mimo colnej oblasti EÚ. Námorné trasy a Exkluzívna ekonomická zóna EÚ. Francúzske departmenty - Réunion a Francúzska Guayana - ich strategická poloha v oblasti námorných obchodných trás a vesmírnej politiky. | ||
| 610 | 2 | 0 | |a Európska únia |
| 610 | 2 | 0 | |a spolupráca hospodárska medzinárodná |
| 610 | 2 | 0 | |a geopolitika |
| 610 | 2 | 0 | |a vzťahy medzinárodné |
| 610 | 2 | 0 | |a politika medzinárodná |
| 610 | 2 | 0 | |a doprava námorná |
| 610 | 2 | 0 | |a obchod medzinárodný |
| 100 | 1 | |a Strnad, Štěpán | |